| 000 | 01506cam a2200385 i 4500 | ||
|---|---|---|---|
| 001 | 46299 | ||
| 003 | Mx-PuUPA | ||
| 005 | 20250625092849.0 | ||
| 008 | 140415s2012 nyua dr6 000 h eng d | ||
| 020 |
_a9781423150695 _qrústica |
||
| 040 |
_aMx-PuUPA _bspa _cMx-PuUPA _dMx-PuUPA _erda |
||
| 041 | 0 | _aeng | |
| 100 | 1 |
_aRiordan, Rick, _d1964- _915382 _eautor |
|
| 245 | 1 | 0 |
_aThe red pyramid : _bthe graphic novel / _cRick Riordan ; adapted by Orpheus Collar ; letterd by Jared Fletcher |
| 246 | 3 | _aThe graphic novel | |
| 250 | _aFirst graphic novel edition | ||
| 264 | 1 |
_aLos Angeles : _bDisney-Hyperion, _c2012 |
|
| 300 |
_a1 volumen (sin paginar) : _bprincipalmente ilustraciones en color ; _c23 cm |
||
| 336 |
_2rdacontent _atexto _btxt |
||
| 336 |
_2rdacontent _aimagen fija _bsti |
||
| 337 |
_2rdamedia _asin medio _bn |
||
| 338 |
_2rdacarrier _avolumen _bnc |
||
| 490 | 0 |
_aThe Kane chronicles graphic novel ; _vv.1 |
|
| 650 | 7 |
_2armarc _aNovela gráfica |
|
| 650 | 7 |
_2armarc _aAventuras y aventureros _xNovela |
|
| 650 | 7 |
_2armarc _aViajes _xNovela |
|
| 650 | 7 |
_2armarc _aMitología egipcia _xNovela |
|
| 650 | 7 |
_2armarc _aHermanos y hermanas _xNovela |
|
| 700 | 1 |
_aCollar, Orpheus, _eadaptador |
|
| 700 | 1 |
_aFletcher, Jared, _ecalígrafo |
|
| 775 | 0 | 8 |
_iAdaptación de: _aRiordan, Rick, 1964- _tThe red pyramid. Book One _dLos Angeles : Hyperion, 2011 _w(Mx-PuUPA) 40653 _z9781368013581 |
| 942 |
_2ddc _cLI _h741.5973 _iR6278 |
||
| 999 |
_c46299 _d46299 |
||